| 000 | 00366nam a22001337a 4500 | ||
|---|---|---|---|
| 020 | _a9789811925108 | ||
| 040 | _cNUST | ||
| 082 |
_a363.34 _bUNN |
||
| 100 |
_aA.S.Unnikrishnan _9104070 |
||
| 245 |
_aExtreme Natural Events _bsustainable solutions for developing countries |
||
| 260 |
_asigapore _bSpringer _c2022 |
||
| 300 |
_axiv,455,: _bill _c25cm |
||
| 942 |
_2ddc _cBK |
||
| 999 |
_c592586 _d592586 |
||